000 00257nam a2200097Ia 4500
008 220204s9999 xx 000 0 und d
082 _a331:336.71(540)
_bREP;1
245 0 _aReport of the study group for banking industry
260 _aDelhi
_c1968
942 _cBK
999 _c22000
_d22000